Buku panduan : budi bahasa budaya kita

Bibliographic Details
Corporate Author: Malaysia.Kementerian Kebudayaan, Kesenian & Warisan Malaysia
Format: Book
Published: KL : KKKWM , 2005
Subjects:

MARC

LEADER 00000cam a2200000 7i4500
001 0000036432
005 20130619.0
008 130619
020 |a 967903075X 
090 0 0 |a 395   |b BUD 
245 1 0 |a Buku panduan :   |b budi bahasa budaya kita 
260 |a KL :   |b KKKWM ,   |c 2005 
650 0 |a Etiquette 
650 0 |a Malays   |x Social life and customs 
650 0 |a Manners and customs 
710 1 |a Malaysia.Kementerian Kebudayaan, Kesenian & Warisan Malaysia 
999 |a 0001228594   |b Book   |c Adult Collection   |e Cawangan Taman Sri Lambak